000 00706nam a22002297a 4500
003 UA-OsUOA
001 108985
007 ta
008 20141125b un ||||| |||| 00| 0 ukr d
100 _aСтолярчук Я.
700 _aПоручник С.
090 _a330
_bС81
942 _cSA
040 _aUA-OsUOA
_bukr
_cUA-OsUOA
_dUA-OsUOA
245 _aСучасна сегментація та ключові тенденції розвитку світового ринку праці
300 _aС.12-18
955 _a0
041 _aukr
080 _a330
773 0 _w108984
_tУкраїна: аспекти праці
_dК.
_d2014
_g7
650 7 _a330 Економіка взагалі
_2UDC
999 _c395045
_d395045